| 000 | 02064cam a22005054i 4500 | ||
|---|---|---|---|
| 003 | PE-LiUPU | ||
| 005 | 20250731165556.0 | ||
| 008 | 150625s2000 rb 000 0 d | ||
| 020 | _a9972461130 | ||
| 020 | _a9789972461132 | ||
| 035 | _a(Sirsi) i9789972461132 | ||
| 040 |
_aPE-LiUPU _bspa _cPE-LiUPU _erda |
||
| 049 | _aPRUA | ||
| 082 | 0 | 4 |
_a070 _bO61 _220 |
| 100 | 1 |
_aOrbegozo Hernandez, Manuel Jesús, _eautor. |
|
| 245 | 1 | 0 |
_aPeriodismo : _btexto de teoría y práctica / _cManuel Jesús Orbegozo. |
| 264 | 1 |
_aLima : _bUniversidad Nacional Mayor de San Marcos. Fondo Editorial, _c2000. |
|
| 300 |
_a393 páginas ; _c24 centímetros |
||
| 336 |
_atext _2rdacontent |
||
| 337 |
_aunmediated _2rdamedia |
||
| 338 |
_avolume _2rdacarrier |
||
| 504 | _aIncluye bibliografía. | ||
| 505 | 0 | _aEl lenguaje periodístico. -La claridad. -Consición. -Precisión. -Brevedad. -Narración y descipción. -Descripción. -La noticia. -Características de la noticia. -Otras características. -¿Cómo escribir una noticia?. -Noticia interpretativa. -Valores de la noticia. -La crónica. -La entrevista. -El reportaje. -El gran reportaje o reportaje de investigación. -Otras especies. -Periodismo interpretativo. -Reportaje en profundidad. -Periodismo informativo de creación. -Periodismo de opinión. -Anexo gramatical. | |
| 526 | _aSEG44 | ||
| 526 | _aSEG26 | ||
| 526 | _aP151 | ||
| 526 | _aP150 | ||
| 526 | _aP149 | ||
| 526 | _aP146 | ||
| 526 | _aP145 | ||
| 526 | _aP126 | ||
| 526 | _aP125 | ||
| 526 | _aP92 | ||
| 526 | _aP75 | ||
| 526 | _aP74 | ||
| 526 | _aP27 | ||
| 526 | _aP15 | ||
| 541 | _g001-022801; | ||
| 650 | 0 | 4 |
_aPeriodismo _vTeoría. |
| 910 |
_adbm _bsag _csag _d20190416 |
||
| 942 |
_2ddc _cBOOK |
||
| 994 |
_aC0 _bPEPRU |
||
| 596 | _a1 | ||
| 999 |
_a070 O61 _wDEWEY _c44494 _i55632 _d44494 _e2019-8-27 _f2021-11-8 _g6 _lCCODEBUL1 _mBUL _n5 _p13.00 _q1 _r0 _sY _tBOOK _u2015-6-25 _xEDUCACION _PP07 _0COMPRA _o.STAFF. Colección Ciencias Humanas y Educación |
||
| 980 |
_81 _gALBERTO SANCHEZ Responsable de Automatización |
||